| 000 | 00392cam a22001457a 4500 | ||
|---|---|---|---|
| 008 | 180718b1958 xxu||||| |||| 00| 0 eng d | ||
| 082 | _aOA6x42 L618 | ||
| 100 | _aLickorish, L.J. | ||
| 245 |
_aThe Travel trade _cby L.J. Lickorish and A.G. Kershaw |
||
| 260 |
_aLondon _bPractical Press _c1958 |
||
| 300 | _a356p. | ||
| 500 | _a42/- | ||
| 650 | _aTourist Trade - UK | ||
| 700 | _aKershwa, A.G. | ||
| 999 |
_c371965 _d371965 |
||